Obras escogidas

Saved in:
Bibliografiske detaljer
Hovedforfatter: Miró, Gabriel (autor)
Format: Bog
Sprog:spansk
Udgivet: Madrid Aguilar 1955
Fag:
Tags: Tilføj Tag
Ingen Tags, Vær først til at tagge denne postø!

MARC

LEADER 00000nam a2200000 a 4500
001 UCT5090
003 CL-VaPUC
005 20240926103801.0
008 961129e19550000SP |||||||||||||||||spa|d
999 |c 254110  |d 254108 
040 |c Pontificia Universidad Católica de Valparaíso 
082 0 4 |a 863  |b MIR  |2 21 
100 |a Miró, Gabriel  |e autor  |9 865940 
245 1 0 |a Obras escogidas 
260 |a Madrid  |b Aguilar  |c 1955 
300 |a 1103 p 
583 |a last modification  |c 19961129 00:00:00  |k Rodrigo Vera 
650 0 |a Cuentos españoles  |9 267960 
650 0 |a Novelas españolas  |9 265052 
942 |c BK  |2 ddc 
945 |d 19961129 00:00:00  |a rleighto 
952 |0 0  |1 0  |4 0  |6 863_000000000000000_MIR_1955  |7 0  |8 A  |9 275511  |a BIBEDU  |b BIBEDU  |d 2019-11-19  |i 3254127  |o 863 MIR 1955  |p 3254127  |r 2019-11-19  |w 2019-11-19  |y BK  |k LIT